000 02106cad a22003015a 4500
001 L145177
008 080915e20080909xxk f lf000 0 eng d
035 _a(Sirsi) u145177
041 0 _aeng
050 0 4 _a333.33 $2 18
110 2 _aUnited Kingdom
_kLaws, etc.
_95044
245 0 4 _aThe Energy Performance of Buildings (Certificates of Inspections) (England and Wales) (Amendment No. 2) Regulations 2008
_h[electronic resource]
260 _aLondon
_bOPSI
_c2008
490 0 _aSI
_v2008: 363
505 2 _aCitation, extent and commencement -- Disclosures whether an energy performance certificate for a building other than a dwelling has been entered on the register -- Disclosures to energy assessors in relation to dwellings -- Disclosures to the Energy Saving Trust Limited -- Disclosures to approved inspectors -- Amendments to the Building Regulations 2000 -- Amendments to the Building (Approved Inspectors etc.) Regulations 2000 -- Consequential amendment to the Home Information Pack (No. 2) Regulations 2007
520 _aInstrument makes a series of changes to the obligations that implement the Energy Performance of Buildings Directive; specifically relating to the age of energy performance certificates (EPCs) and home information packs (HIPs) and the registers of EPCs and disclosure of information by these registers. Comes into force 1 October 2008.
521 _aAdvanced
590 _aKA NTK
650 2 4 _aTHE ENERGY PERFORMANCE OF BUILDINGS (CERTIFICATES OF INSPECTIONS) (ENGLAND AND WALES) (AMENDMENT NO. 2) REGULATIONS 2008
650 2 4 _aAMENDMENTS TO THE BUILDING (APPROVED INSPECTORS ETC.) REGULATIONS 2000
650 2 4 _aBUILDING REGULATIONS 2000
650 2 4 _aCONSEQUENTIAL AMENDMENT TO THE HOME INFORMATION PACK (NO. 2) REGULATIONS 2007
650 2 4 _aRESIDENTIAL ENERGY PERFORMANCE CERTIFICATES
651 4 _aEngland and Wales
_y1543-
690 _aENVIRONMENTAL AND LAND CONSULTANCY-ENERGY-ENERGY USE-ENERGY EFFICIENCY
856 4 0 _uhttps://www.opsi.gov.uk/si/si2008/uksi_20082363_en_1
_zView the item free of charge online at www.opsi.gov.uk...
942 _n0
999 _c108706
_d108706